Viisi lähintä valtiota valtioittain #1 - Statistics

Yleistilastot
  • Tätä visaa on pelattu 1 654 kertaa
  • Keskiarvotulos 30 / 40
Vastaustilastot
Lähtövaltio # Valtio % Oikein
Yhdysvallat 0 Kanada
99%
Yhdysvallat 0 Meksiko
99%
Australia 1599 Uusi-Seelanti
94%
Oman 0 Saudi-Arabia
91%
Monaco 10 Italia
90%
Oman 0 Jemen
90%
Monaco 0 Ranska
90%
Kypros 69 Turkki
88%
Yhdysvallat 150 Kuuba
87%
Monaco 374 Espanja
84%
Lesotho 0 Etelä-Afrikka
81%
Monaco 245 Sveitsi
80%
Oman 0 Yhdistyneet arabiemiraatit
80%
Bhutan 0 Intia
79%
Australia 319 Indonesia
78%
Kypros 229 Israel
77%
Bhutan 0 Kiina
76%
Bhutan 68 Nepal
76%
Australia 85 Papua-Uusi-Guinea
76%
Panama 0 Costa Rica
74%
Panama 0 Kolumbia
74%
Yhdysvallat 3 Venäjä
72%
Yhdysvallat 85 Bahama
69%
Panama 167 Nicaragua
69%
Lesotho 282 Swazimaa
69%
Kypros 106 Syyria
69%
Panama 584 Honduras
67%
Oman 52 Iran
67%
Panama 444 Venezuela
66%
Kypros 161 Libanon
65%
Lesotho 707 Namibia
65%
Bhutan 45 Bangladesh
64%
Lesotho 430 Botswana
63%
Kypros 293 Jordania
63%
Lesotho 367 Mosambik
61%
Bhutan 303 Myanmar
59%
Oman 341 Pakistan
58%
Australia 457 Itä-Timor
56%
Monaco 399 San Marino
53%
Australia 1531 Salomoninsaaret
47%
Ehtoja vastaavia visoja ei löytynyt
Tulosjakauma
Jokaisen tuloksen saaneiden osuus
Persentiili vastausten määrän mukaan
Tuloshistoriasi
Et ole pelannut tätä visaa